000 00614nam a2200193 a 4500
001 ASINB001K2EVIE
005 20170105102847.0
008 130816s xxu eng d
040 _a0
082 _a355.033
100 1 _aBooth., Ed. by Ken.
245 1 0 _aCritical security studies and world politics. /
_cEd. by Ken Booth.
260 _a[S.l.] :
_bLynne Rienner Publishers, Inc.,
300 _a1 v. (unpaged)
490 1 _aCritical security studies.
830 0 _aCritical security studies.
856 4 0 _3Amazon.com
_uhttp://www.amazon.com/exec/obidos/ASIN/B001K2EVIE/chopaconline-20
942 _2ddc
_cBK
999 _c14100
_d14100